A computerized accounting simulation for use with IBM(R) PC / (Record no. 24602)
[ view plain ]
| 000 -LEADER | |
|---|---|
| fixed length control field | 00946nam a2200253Ma 4500 |
| 001 - CONTROL NUMBER | |
| control field | computerizedacco00kell |
| 003 - CONTROL NUMBER IDENTIFIER | |
| control field | CaSfIA |
| 005 - DATE AND TIME OF LATEST TRANSACTION | |
| control field | 20230525155302.0 |
| 007 - PHYSICAL DESCRIPTION FIXED FIELD--GENERAL INFORMATION | |
| fixed length control field | cr|||| |
| 008 - FIXED-LENGTH DATA ELEMENTS--GENERAL INFORMATION | |
| fixed length control field | 980529s1986 ilua 000 0 eng d |
| 040 ## - CATALOGING SOURCE | |
| Original cataloging agency | M6U |
| Transcribing agency | M6U |
| Modifying agency | CaSfIA |
| 020 ## - INTERNATIONAL STANDARD BOOK NUMBER | |
| International Standard Book Number | 0256037388 |
| 020 ## - INTERNATIONAL STANDARD BOOK NUMBER | |
| International Standard Book Number | 9780256037388 |
| 035 ## - SYSTEM CONTROL NUMBER | |
| System control number | (OCoLC)395786745 |
| 050 #4 - LIBRARY OF CONGRESS CALL NUMBER | |
| Classification number | HF5679 |
| Item number | K29s 1986 |
| 110 2# - MAIN ENTRY--CORPORATE NAME | |
| Corporate name or jurisdiction name as entry element | Kellogg Business Systems, Inc. |
| 245 12 - TITLE STATEMENT | |
| Title | A computerized accounting simulation for use with IBM(R) PC / |
| Medium | [electronic resource] |
| Statement of responsibility, etc. | Christine Sprenger ... [et al.]. |
| 260 ## - PUBLICATION, DISTRIBUTION, ETC. | |
| Place of publication, distribution, etc. | Homewood, Ill. : |
| Name of publisher, distributor, etc. | Irwin, |
| Date of publication, distribution, etc. | c1986. |
| 300 ## - PHYSICAL DESCRIPTION | |
| Extent | vii, 173 leaves + |
| Accompanying material | 1 disc. |
| 650 #0 - SUBJECT ADDED ENTRY--TOPICAL TERM | |
| Topical term or geographic name entry element | Accounting |
| Form subdivision | Computer programs. |
| 700 1# - ADDED ENTRY--PERSONAL NAME | |
| Personal name | Sprenger, Christin. |
| 856 41 - ELECTRONIC LOCATION AND ACCESS | |
| Uniform Resource Identifier | <a href="http://www.archive.org/details/computerizedacco00kell">http://www.archive.org/details/computerizedacco00kell</a> |
| Public note | Free eBook from the Internet Archive |
| 856 42 - ELECTRONIC LOCATION AND ACCESS | |
| Uniform Resource Identifier | <a href="http://www.openlibrary.org/books/OL24547970M">http://www.openlibrary.org/books/OL24547970M</a> |
| Public note | Additional information and access via Open Library |
| Withdrawn status | Lost status | Damaged status | Not for loan | Collection | Home library | Current library | Date acquired | Total Checkouts | Date last seen | Price effective from | Koha item type |
|---|---|---|---|---|---|---|---|---|---|---|---|
| Project Gutenberg | Main Library | Main Library | 05/25/2023 | 05/25/2023 | 05/25/2023 | EBooks |